[Event "Nordrhein-Westfalen-Niedersachsen"]
[Site "?"]
[Date "2005.04.14"]
[Round "1.1"]
[White "Romakin, Helene"]
[Black "Koglin, Anke"]
[Result "1-0"]
[WhiteElo "2013"]
[BlackElo "2192"]
[PlyCount "111"]
[EventDate "1905.??.??"]

1. e4 Nf6 2. e5 Nd5 3. c4 Nb6 4. Nc3 d6 5. exd6 exd6 6. d4 Be7 7. Be2 O-O 8.
Nf3 Nc6 9. h3 Re8 10. O-O Bf6 11. Bf4 Bf5 12. Re1 Bg6 13. Qd2 a6 14. Rad1 Qd7
15. Bg3 Rad8 16. Qf4 Qc8 17. Bh4 Bxh4 18. Nxh4 Qb8 19. Nxg6 hxg6 20. c5 dxc5
21. dxc5 Nd7 22. Bc4 Nde5 23. Bb3 Rxd1 24. Rxd1 Rf8 25. Ne4 Qc8 26. Ng5 Qf5 27.
Qh4 Rd8 28. Rxd8+ Nxd8 29. Qh7+ Kf8 30. Qh8+ Ke7 31. Nh7 Ne6 32. Bxe6 Kxe6 33.
Qd8 Qb1+ 34. Kh2 Qc1 35. Qc8+ Kd5 36. Qxb7+ Kxc5 37. Qxc7+ Nc6 38. b4+ Kxb4 39.
Qb6+ Ka4 40. Qxa6+ Kb4 41. Qb7+ Kc5 42. Qxf7 Qd2 43. Nf8 g5 44. Ne6+ Kd6 45.
Nxg7 Kc5 46. Ne6+ Kd6 47. Qc7+ Kxe6 48. Qxc6+ Kf7 49. Qf3+ Kg6 50. a4 Qa2 51.
Qe4+ Kf6 52. Qd4+ Kg6 53. h4 gxh4 54. Qxh4 Qa1 55. Qe4+ Kf6 56. g4 1-0

[Event "Nordrhein-Westfalen-Niedersachsen"]
[Site "?"]
[Date "2005.04.14"]
[Round "1.2"]
[White "Vogel, Heike"]
[Black "Markgraf, Claudia"]
[Result "1-0"]
[WhiteElo "2126"]
[BlackElo "2153"]
[PlyCount "33"]
[EventDate "1905.??.??"]

1. d4 Nf6 2. Bf4 d5 3. Nf3 c6 4. Nbd2 Bg4 5. Ne5 Bf5 6. e3 e6 7. g4 Bg6 8. h4
h6 9. Nxg6 fxg6 10. Bd3 Kf7 11. Nf3 Nxg4 12. Rg1 h5 13. Ng5+ Kg8 14. Bxg6 Rh6
15. Bf7+ Kh8 16. Bxh5 Qa5+ 17. c3 1-0

[Event "Nordrhein-Westfalen-Niedersachsen"]
[Site "?"]
[Date "2005.04.14"]
[Round "1.3"]
[White "Hoolt, Sarah"]
[Black "Kuznetsova, Elena"]
[Result "1/2-1/2"]
[WhiteElo "2050"]
[BlackElo "2124"]
[PlyCount "80"]
[EventDate "1905.??.??"]

1. e4 c5 2. Nf3 d6 3. d4 cxd4 4. Nxd4 Nf6 5. Nc3 a6 6. a4 e6 7. g3 Nc6 8. Bg2
Qc7 9. O-O Be7 10. h3 O-O 11. Nde2 Rb8 12. Be3 b5 13. axb5 axb5 14. Nd4 Nxd4
15. Qxd4 b4 16. Ra7 Qd8 17. Ne2 e5 18. Qd3 Bb7 19. g4 Qc8 20. Ng3 g6 21. f4 Ra8
22. g5 Nd7 23. Rfa1 Rxa7 24. Rxa7 exf4 25. Bxf4 d5 26. Kh2 Nc5 27. Qb5 dxe4 28.
Be3 Bc6 29. Qxb4 Bd7 30. Rxd7 Qxd7 31. Bxc5 Bxc5 32. Qxc5 Rc8 33. Qe5 Re8 34.
Nxe4 Rxe5 35. Nf6+ Kg7 36. Nxd7 Re2 37. b4 Rxc2 38. b5 Rd2 39. Ne5 Rb2 40. Ng4
Rxb5 1/2-1/2

[Event "Nordrhein-Westfalen-Niedersachsen"]
[Site "?"]
[Date "2005.04.14"]
[Round "1.4"]
[White "Hund, Isabel"]
[Black "Lösch, Yvonne"]
[Result "1/2-1/2"]
[WhiteElo "2109"]
[BlackElo "2069"]
[PlyCount "96"]
[EventDate "1905.??.??"]

1. e4 d6 2. g3 Nf6 3. Bg2 e5 4. Nc3 Nbd7 5. d3 Be7 6. f4 Nc5 7. Nf3 c6 8. fxe5
dxe5 9. Nxe5 O-O 10. Be3 Qc7 11. d4 Be6 12. Qe2 Bd6 13. Nc4 Bxg3+ 14. hxg3 Bxc4
15. Qxc4 Qxg3+ 16. Bf2 Qxg2 17. Rg1 Qf3 18. dxc5 Rfe8 19. Qd3 Qf4 20. Qg3 Qxg3
21. Rxg3 Nxe4 22. Nxe4 Rxe4+ 23. Re3 Rae8 24. Rxe4 Rxe4+ 25. Kd2 g5 26. Kd3 f5
27. c4 Kf7 28. b4 h5 29. b5 h4 30. Rg1 Kf6 31. a4 Rg4 32. Re1 Kf7 33. a5 a6 34.
bxc6 bxc6 35. Rb1 h3 36. Rh1 Rg2 37. Rxh3 Rxf2 38. Rh6 Ra2 39. Rxc6 Rxa5 40.
Kd4 g4 41. Ke5 g3 42. Kxf5 g2 43. Rf6+ Ke7 44. Re6+ Kd7 45. Rg6 Ra2 46. Ke5 a5
47. Kd4 Rf2 48. Kc3 Kc7 1/2-1/2

[Event "Nordrhein-Westfalen-Niedersachsen"]
[Site "?"]
[Date "2005.04.14"]
[Round "1.5"]
[White "Zschischang, Marine"]
[Black "Schmitz, Manuela"]
[Result "0-1"]
[WhiteElo "2061"]
[BlackElo "2087"]
[PlyCount "68"]
[EventDate "1905.??.??"]

1. d4 d5 2. c4 dxc4 3. e3 e5 4. dxe5 Qxd1+ 5. Kxd1 Nc6 6. f4 Be6 7. Nd2 O-O-O
8. e4 g6 9. a3 Bh6 10. g3 Nd4 11. Ne2 Nb3 12. Rb1 Bg4 13. Rg1 Nd4 14. Ke1 Nc2+
15. Kf2 Bf8 16. b4 cxb3 17. Nxb3 Be6 18. Rh1 Rd3 19. Ned4 Rxd4 20. Nxd4 Nxd4
21. Bb2 Bc5 22. Kg2 Ne7 23. Rc1 Nb3 24. Rd1 Nc6 25. h3 h5 26. Bd3 Rd8 27. Bb1
Ncd4 28. Rhe1 Na5 29. Bc3 Nc4 30. Bb4 Bb6 31. Rc1 a5 32. Be7 Rd7 33. Bf8 Nb3
34. Rc2 Ne3+ 0-1

[Event "Nordrhein-Westfalen-Niedersachsen"]
[Site "?"]
[Date "2005.04.14"]
[Round "1.6"]
[White "Roitburd, Marina"]
[Black "Michalek, Barbara"]
[Result "1/2-1/2"]
[WhiteElo "2032"]
[BlackElo "1894"]
[PlyCount "59"]
[EventDate "1905.??.??"]

1. e4 c5 2. Nf3 Nc6 3. d4 cxd4 4. Nxd4 e6 5. Nc3 a6 6. Be2 Nf6 7. a3 Qc7 8. Be3
b5 9. O-O Bb7 10. f4 d6 11. Bf3 Nxd4 12. Qxd4 e5 13. Qd2 Be7 14. Qf2 Qc4 15.
Be2 Qc8 16. Qg3 Qc7 17. fxe5 dxe5 18. Rf5 O-O-O 19. Bd3 g6 20. Rff1 Rd7 21. Bh6
Rg8 22. Bg5 Nh5 23. Qg4 Qb6+ 24. Kh1 f6 25. Rad1 Rgd8 26. Bc1 Kb8 27. Qe2 Bc6
28. Be3 Bc5 29. Bc1 Be7 30. Be3 1/2-1/2

[Event "Nordrhein-Westfalen-Niedersachsen"]
[Site "?"]
[Date "2005.04.14"]
[Round "1.7"]
[White "Laake, Jasmin"]
[Black "Nattermüller, Irina"]
[Result "0-1"]
[WhiteElo "1941"]
[BlackElo "2152"]
[PlyCount "76"]
[EventDate "1905.??.??"]

1. e4 c5 2. Nf3 e6 3. d4 cxd4 4. Nxd4 Nf6 5. Nc3 d6 6. Be3 Nc6 7. Qd2 Be7 8. f3
O-O 9. O-O-O d5 10. g4 dxe4 11. g5 Nd5 12. Nxd5 Qxd5 13. fxe4 Qxa2 14. c3 Nxd4
15. Qxd4 e5 16. Qxe5 Be6 17. Bd3 Rfe8 18. Bb1 Qa4 19. h4 Rac8 20. Bd4 Bf8 21.
Qg3 b5 22. h5 b4 23. Rh2 bxc3 24. Bxc3 Rxc3+ 25. bxc3 Ba3+ 26. Kd2 Rd8+ 27. Bd3
Bc4 28. Ke1 Bxd3 29. Qe3 Qc4 30. Rhd2 Qxc3 31. g6 hxg6 32. hxg6 Bc5 33. gxf7+
Kxf7 34. Qf3+ Kg8 35. Qh3 Qf6 36. Rc1 Bb4 37. Rc8 Bxd2+ 38. Kd1 Be2+ 0-1

[Event "Nordrhein-Westfalen-Niedersachsen"]
[Site "?"]
[Date "2005.04.14"]
[Round "1.8"]
[White "Funk, Natali"]
[Black "Taranjuk, Olesja"]
[Result "0-1"]
[WhiteElo "1907"]
[BlackElo "1761"]
[PlyCount "98"]
[EventDate "1905.??.??"]

1. e4 e6 2. d4 d5 3. Nd2 c5 4. dxc5 Bxc5 5. Nb3 Bb6 6. exd5 exd5 7. Nf3 Bg4 8.
Bb5+ Nc6 9. O-O Nge7 10. Be3 O-O 11. h3 Bh5 12. g4 Bg6 13. Nbd4 Nxd4 14. Nxd4
Rc8 15. Bd3 a6 16. Bxg6 Nxg6 17. Nf5 Bxe3 18. fxe3 Rc4 19. Qe2 Qc7 20. c3 Re8
21. Rad1 Qe5 22. Qf3 Re4 23. Rd3 f6 24. Rfd1 Rd8 25. Ng3 Nh4 26. Qf2 Ra4 27. b3
Rxa2 28. Ne2 Ng6 29. Qf3 Rxe2 30. Qxe2 Nf4 31. Qf3 Nxd3 32. Rxd3 Rd6 33. Kg2 a5
34. Qd1 b5 35. Qd2 Qe4+ 36. Kg3 f5 37. Rd4 Qe5+ 38. Kg2 fxg4 39. hxg4 h5 40. c4
h4 41. Rxd5 Rxd5 42. cxd5 Qg3+ 43. Kh1 Qf3+ 44. Kh2 h3 45. d6 Qg2+ 46. Qxg2
hxg2 47. Kxg2 Kf7 48. Kf3 a4 49. Ke4 a3 0-1

[Event "Bayern-Sachsen-Anhalt I"]
[Site "?"]
[Date "2005.04.14"]
[Round "1.1"]
[White "Madl, Ildiko"]
[Black "Ankerst, Milka"]
[Result "1/2-1/2"]
[WhiteElo "2375"]
[BlackElo "2134"]
[PlyCount "141"]
[EventDate "1905.??.??"]

1. e4 c5 2. Nf3 Nc6 3. d4 cxd4 4. Nxd4 g6 5. Nc3 Bg7 6. Be3 Nf6 7. Bc4 Qa5 8.
O-O O-O 9. Bb3 d6 10. h3 Bd7 11. f4 Rfc8 12. Nxc6 Bxc6 13. Qd3 Nd7 14. Bd4
Bxd4+ 15. Qxd4 Qc5 16. Rad1 b5 17. Rf2 a5 18. a3 Qxd4 19. Rxd4 Kg7 20. Ba2 Nc5
21. f5 f6 22. Rfd2 Rc7 23. Kf2 Nd7 24. Ne2 g5 25. c3 Rb8 26. Rd1 Ne5 27. b3 Be8
28. b4 axb4 29. axb4 Rbc8 30. Bd5 Ra7 31. R4d2 Bh5 32. g4 Be8 33. Ra2 Rxa2 34.
Bxa2 h5 35. Kg3 hxg4 36. hxg4 Ra8 37. Bd5 Ra3 38. Rc1 Nd3 39. Rb1 Ne5 40. Rc1
Nd3 41. Rb1 Nf4 42. Kf2 Nxe2 43. Kxe2 Rxc3 44. Ra1 Bf7 45. Ra5 Bxd5 46. exd5
Rc4 47. Rxb5 Rxg4 48. Rb7 Kf7 49. Kd3 Rf4 50. b5 Rxf5 51. Kc4 Rf4+ 52. Kc3 Ke8
53. b6 Rf1 54. Rb8+ Kd7 55. Rb7+ Kd8 56. Rb8+ Kd7 57. Rb7+ Kc8 58. Rxe7 g4 59.
Rg7 f5 60. Kb4 Rb1+ 61. Ka5 Ra1+ 62. Kb5 Rc1 63. b7+ Kb8 64. Kb6 Rb1+ 65. Kc6
Ka7 66. Kxd6 Rxb7 67. Rg5 Kb6 68. Ke6 Rh7 69. Rxf5 Rg7 70. Rf2 g3 71. Rg2
1/2-1/2

[Event "Bayern-Sachsen-Anhalt I"]
[Site "?"]
[Date "2005.04.14"]
[Round "1.2"]
[White "Mikliaeva, Darja"]
[Black "Lakos, Nikoletta"]
[Result "1/2-1/2"]
[WhiteElo "2084"]
[BlackElo "2342"]
[PlyCount "87"]
[EventDate "1905.??.??"]

1. e4 c5 2. Nf3 Nc6 3. d4 cxd4 4. Nxd4 Qc7 5. Nc3 e6 6. Be2 a6 7. O-O Nf6 8.
Kh1 Bb4 9. Nxc6 bxc6 10. Qd4 Be7 11. e5 Nd5 12. f4 f5 13. Bf3 Rb8 14. Nxd5 cxd5
15. Be3 Rb4 16. Qc3 Rc4 17. Qb3 Rb4 18. Qc3 Rc4 19. Qd3 Rxc2 20. Rac1 Rc6 21.
g4 fxg4 22. Bxg4 O-O 23. Rxc6 dxc6 24. Rc1 Qb7 25. Kg1 Bd7 26. b3 Qb5 27. Qxb5
axb5 28. Be2 Ra8 29. Rc2 Kf7 30. Bd3 g6 31. Kf2 Rc8 32. Bc5 Bxc5+ 33. Rxc5 Ra8
34. Bb1 Ke7 35. Ke3 Kd8 36. Kd4 Kc7 37. Rc3 Rf8 38. Rf3 Kb6 39. b4 Be8 40. h4
Bd7 41. Bc2 Ra8 42. a3 Rf8 43. Bd1 Bc8 44. Kc3 1/2-1/2

[Event "Bayern-Sachsen-Anhalt I"]
[Site "?"]
[Date "2005.04.14"]
[Round "1.3"]
[White "Horvath, Julia"]
[Black "Woniak, Katarzyna"]
[Result "1-0"]
[WhiteElo "2226"]
[BlackElo "1997"]
[PlyCount "57"]
[EventDate "1905.??.??"]

1. d4 d5 2. Nf3 e6 3. g3 c6 4. Bg2 f5 5. O-O Bd6 6. b3 Qe7 7. Bb2 Nf6 8. Nbd2
O-O 9. c4 Ne4 10. Ne5 Nd7 11. Ndf3 Nxe5 12. Nxe5 Bd7 13. Qc2 Be8 14. f3 Ng5 15.
e3 c5 16. cxd5 exd5 17. h4 Nf7 18. f4 Bc6 19. Rac1 cxd4 20. Nxc6 bxc6 21. Bxd4
Rac8 22. Qxf5 Ba3 23. Rc2 Nd6 24. Qe5 Qf7 25. Rxc6 Ne4 26. Bxe4 dxe4 27. Qxe4
Rce8 28. Qc2 a5 29. Qc4 1-0

[Event "Bayern-Sachsen-Anhalt I"]
[Site "?"]
[Date "2005.04.14"]
[Round "1.5"]
[White "Großmann, Susan"]
[Black "Zabarska, Natalia"]
[Result "1-0"]
[WhiteElo "2026"]
[BlackElo "1709"]
[PlyCount "93"]
[EventDate "1905.??.??"]

1. e4 e6 2. d3 d5 3. Nd2 Nf6 4. Ngf3 Be7 5. g3 O-O 6. Bg2 Nc6 7. O-O Nd7 8. Re1
dxe4 9. Nxe4 Nde5 10. Nxe5 Nxe5 11. Be3 f5 12. Nc5 Ng4 13. Nxb7 Qe8 14. Na5 Bd7
15. Bxa8 Qxa8 16. Nb3 Bc6 17. Nd4 Bd5 18. h3 Nxe3 19. fxe3 e5 20. Nb5 Qc6 21.
Nc3 Bh1 22. Qd2 f4 23. e4 Bf3 24. g4 Bc5+ 25. Kf1 Qh6 26. Qh2 Bxg4 27. h4 f3
28. Nd5 f2 29. Re2 Qe6 30. Re3 Bxe3 31. Nxe3 Qh6 32. Nxg4 Qh5 33. Nxf2 Qf3 34.
Re1 Rf4 35. Re2 Qh5 36. Re1 Rxh4 37. Qg3 Qh6 38. Rd1 Rh5 39. c3 Qe6 40. b3 Qc6
41. Qg4 Rh6 42. Ke2 Rg6 43. Qc8+ Kf7 44. Qf5+ Rf6 45. Qxe5 Re6 46. Qf5+ Rf6 47.
Qd5+ 1-0

[Event "Bayern-Sachsen-Anhalt I"]
[Site "?"]
[Date "2005.??.??"]
[Round "1.6"]
[White "Burzler, Annette"]
[Black "Jahn, Constanze"]
[Result "0-1"]
[WhiteElo "1661"]
[BlackElo "2199"]
[PlyCount "54"]
[EventDate "1905.??.??"]

1. Nf3 Nf6 2. g3 d5 3. Bg2 c6 4. d3 Bf5 5. Nc3 e6 6. O-O h6 7. Qe1 d4 8. Nb1
Na6 9. h3 Qb6 10. c4 Nc5 11. Nbd2 Nxd3 12. Qd1 Nxb2 13. Bxb2 Qxb2 14. Qa4 Bc2
15. Qa5 Be7 16. Qc7 Rd8 17. Ne5 Qb6 18. Qxb6 axb6 19. Rfc1 d3 20. exd3 Bxd3 21.
Rc3 Bf5 22. Ndf3 O-O 23. a3 Bc5 24. g4 Be4 25. g5 hxg5 26. Nxg5 Bxg2 27. Kxg2
Bd4 0-1

[Event "Bayern-Sachsen-Anhalt I"]
[Site "?"]
[Date "2005.04.14"]
[Round "1.7"]
[White "Eckhardt, Claudia"]
[Black "Tovmasian, Nelli"]
[Result "1-0"]
[WhiteElo "2209"]
[BlackElo "1767"]
[PlyCount "69"]
[EventDate "1905.??.??"]

1. d4 Nf6 2. Nf3 g6 3. g3 Bg7 4. Bg2 O-O 5. O-O d6 6. c4 c6 7. Nc3 Nbd7 8. h3
c5 9. d5 a6 10. Nd2 Rb8 11. a4 Ne8 12. e4 Ne5 13. Qc2 f5 14. f4 Nf7 15. Re1 Nc7
16. Nf3 fxe4 17. Qxe4 Re8 18. g4 e6 19. Qd3 e5 20. fxe5 Nxe5 21. Nxe5 Bxe5 22.
Rxe5 Rxe5 23. Bf4 Qe7 24. Qg3 Bd7 25. Bxe5 dxe5 26. Re1 Re8 27. Ne4 Na8 28. g5
Rf8 29. Nf6+ Kh8 30. Qxe5 Qxe5 31. Rxe5 Rxf6 32. gxf6 Bxa4 33. Re7 Nb6 34. Rxb7
Nd7 35. b3 1-0

[Event "Bayern-Sachsen-Anhalt I"]
[Site "?"]
[Date "2005.04.14"]
[Round "1.8"]
[White "Walther, Margareta"]
[Black "Burisch, Christin"]
[Result "0-1"]
[WhiteElo "1363"]
[BlackElo "1862"]
[PlyCount "50"]
[EventDate "1905.??.??"]

1. e4 b6 2. Nc3 Bb7 3. Bc4 e6 4. Nf3 Bb4 5. d3 d5 6. exd5 exd5 7. Bb3 d4 8.
Qe2+ Ne7 9. O-O dxc3 10. Bxf7+ Kxf7 11. Ng5+ Ke8 12. Ne6 Qd7 13. Nxg7+ Kf7 14.
Nh5 Rg8 15. f3 Na6 16. a3 Bc5+ 17. Kh1 Bd4 18. b3 Nf5 19. Qd1 Be5 20. Re1 Qd6
21. Qe2 Rae8 22. d4 Nxd4 23. Qc4+ Qd5 24. Qd3 Bg7 25. Rxe8 Rxe8 0-1

[Event "Sachsen-Hamburg"]
[Site "?"]
[Date "2005.04.14"]
[Round "1.1"]
[White "Kas-Fromm, Rita"]
[Black "Melamed, Tatjana"]
[Result "0-1"]
[WhiteElo "2244"]
[BlackElo "2295"]
[PlyCount "54"]
[EventDate "1905.??.??"]

1. d4 Nf6 2. c4 c5 3. d5 b5 4. cxb5 a6 5. f3 g6 6. e4 Bg7 7. Na3 O-O 8. Ne2 e6
9. Nc3 Bb7 10. Bc4 axb5 11. Naxb5 Nxd5 12. exd5 Qh4+ 13. Kf1 Qxc4+ 14. Qe2 exd5
15. Qxc4 dxc4 16. Nd6 Ba6 17. Be3 Nc6 18. Bxc5 Rfb8 19. Ba3 Nb4 20. Rd1 Nd3 21.
g3 Nxb2 22. Rc1 Nd3 23. Rc2 Bb7 24. Nxb7 Rxb7 25. Bd6 Bxc3 26. Rxc3 Rb1+ 27.
Kg2 Rxa2+ 0-1

[Event "Sachsen-Hamburg"]
[Site "?"]
[Date "2005.04.14"]
[Round "1.2"]
[White "Ulms, Sandra"]
[Black "Frank, Tena"]
[Result "1-0"]
[WhiteElo "2151"]
[BlackElo "2043"]
[PlyCount "67"]
[EventDate "1905.??.??"]

1. d4 Nf6 2. c4 g6 3. Nc3 Bg7 4. e4 d6 5. Be2 O-O 6. Bg5 Nbd7 7. Qd2 e5 8. d5
Nc5 9. f3 a5 10. h4 Qd7 11. g4 Ne8 12. Nh3 f5 13. gxf5 gxf5 14. Nf2 h5 15. exf5
Qxf5 16. O-O-O a4 17. Nfe4 a3 18. b3 Bd7 19. Rdg1 Kh8 20. Rg3 Qh7 21. Nxc5 dxc5
22. Bd3 Bf5 23. Bxf5 Rxf5 24. Ne4 b6 25. Be3 Nd6 26. Ng5 Rxg5 27. Rxg5 e4 28.
Rhg1 Bb2+ 29. Kd1 exf3 30. Qc2 Qf7 31. Qg6 Qxg6 32. Rxg6 Nf5 33. R1g5 Rf8 34.
Rxh5+ 1-0

[Event "Sachsen-Hamburg"]
[Site "?"]
[Date "2005.04.14"]
[Round "1.3"]
[White "Smolkina, Milana"]
[Black "Dämering, Katrin"]
[Result "1/2-1/2"]
[WhiteElo "1709"]
[BlackElo "2148"]
[PlyCount "91"]
[EventDate "1905.??.??"]

1. e4 c5 2. Nf3 d6 3. d4 cxd4 4. Nxd4 Nf6 5. Nc3 a6 6. Bg5 e6 7. f4 Nbd7 8. Qf3
Be7 9. O-O-O Qc7 10. g4 b5 11. Bxf6 gxf6 12. f5 Ne5 13. Qh3 Bd7 14. Nce2 O-O-O
15. Nf4 Qa5 16. Kb1 Kb8 17. Be2 Rc8 18. fxe6 fxe6 19. Qg2 Rhg8 20. h3 Nc6 21.
Nxc6+ Rxc6 22. Rd3 Rgc8 23. Bd1 Rc4 24. c3 d5 25. Bf3 Qc7 26. Ne2 dxe4 27. Bxe4
Rxe4 28. Rxd7 Rxe2 29. Rxc7 Rxg2 30. Rxe7 Rd8 31. Rxe6 Rdd2 32. Rxa6 Rxb2+ 33.
Ka1 Rgf2 34. Ra5 Kb7 35. Ra3 Kb6 36. Rb1 Rbc2 37. Rh1 Kc5 38. Rd1 Rf3 39. Kb1
Rcxc3 40. Rxc3+ Rxc3 41. Rc1 Rxc1+ 42. Kxc1 Kb4 43. Kb2 h6 44. Kc2 Kc4 45. Kb2
Kb4 46. Kc2 1/2-1/2

[Event "Sachsen-Hamburg"]
[Site "?"]
[Date "2005.04.14"]
[Round "1.4"]
[White "Beltz, Martina"]
[Black "Schmidt, Jade"]
[Result "1-0"]
[WhiteElo "2096"]
[BlackElo "1724"]
[PlyCount "65"]
[EventDate "1905.??.??"]

1. d4 d5 2. Nf3 e6 3. e3 Nf6 4. Bd3 Bd6 5. b3 Nbd7 6. Bb2 b6 7. O-O O-O 8. Nbd2
Bb7 9. Ne5 c5 10. f4 Qc7 11. Rf3 Rfd8 12. Rh3 Ne4 13. Ndf3 f6 14. Nxd7 Rxd7 15.
dxc5 bxc5 16. Qe2 Qa5 17. a4 Bf8 18. Rd1 Rad8 19. Rf1 Rd6 20. Ne1 Ba6 21. Qh5
h6 22. Qg6 Bxd3 23. cxd3 Nd2 24. Rf2 Nxb3 25. Nf3 d4 26. exd4 cxd4 27. Rxh6 Rc6
28. Rh5 Rc5 29. Ne5 Rxe5 30. fxe5 Qe1+ 31. Rf1 Qe3+ 32. Kh1 f5 33. Qxe6# 1-0

[Event "Sachsen-Hamburg"]
[Site "?"]
[Date "2005.04.14"]
[Round "1.5"]
[White "Rohlfs, Ricarda"]
[Black "Neumeyer, Hannelore"]
[Result "0-1"]
[WhiteElo "1625"]
[BlackElo "2047"]
[PlyCount "90"]
[EventDate "1905.??.??"]

1. e4 e5 2. Nf3 f5 3. exf5 e4 4. Ng1 Nf6 5. d3 d5 6. dxe4 dxe4 7. Qxd8+ Kxd8 8.
Nc3 Bb4 9. Bd2 Bxf5 10. O-O-O Kc8 11. Bc4 Nc6 12. Nge2 Na5 13. Bb3 Nxb3+ 14.
axb3 a5 15. h3 Re8 16. Rhe1 Bc5 17. Rf1 h6 18. Ng3 Bg6 19. Rde1 Ra6 20. Be3 Bb4
21. Nge2 c5 22. Rd1 Bf7 23. Nb5 c4 24. Nbd4 cxb3 25. Nxb3 a4 26. Nbd4 a3 27.
bxa3 Rxa3 28. Nb3 Bc4 29. Nbd4 Nd5 30. Rfe1 Bxe1 31. Rxe1 Ra1+ 32. Kd2 Rxe1 33.
Kxe1 Nxe3 34. fxe3 Bxe2 35. Kxe2 g6 36. Kf2 Kd7 37. Kg3 Rf8 38. Nb3 Kd6 39. Nd2
Kd5 40. Nb3 b5 41. Nd4 b4 42. Ne2 Kc4 43. Nd4 Rf6 44. Kh2 Rd6 45. Kg1 Rxd4 0-1

[Event "Sachsen-Hamburg"]
[Site "?"]
[Date "2005.04.14"]
[Round "1.6"]
[White "Niesch, Franziska"]
[Black "Zehner, Birte"]
[Result "1-0"]
[WhiteElo "1818"]
[BlackElo "1579"]
[PlyCount "79"]
[EventDate "1905.??.??"]

1. d4 d5 2. c4 c6 3. Nc3 Nf6 4. Nf3 Bg4 5. cxd5 cxd5 6. Ne5 Bd7 7. Qb3 Bc6 8.
Nxc6 bxc6 9. Bf4 e6 10. e3 Bd6 11. Bxd6 Qxd6 12. Be2 O-O 13. O-O Nbd7 14. Qc2
c5 15. Nb5 Qb6 16. dxc5 Qxc5 17. Qxc5 Nxc5 18. Rac1 Ncd7 19. Rc7 a6 20. Nd6
Rab8 21. b3 Rb6 22. Nc8 Rb8 23. Ne7+ Kh8 24. Bxa6 g6 25. Rfc1 Rfe8 26. Rc8 Kg7
27. Rxe8 Rxe8 28. Nc8 e5 29. Bb5 Re6 30. a4 Nb6 31. a5 Nxc8 32. Rxc8 Re7 33. a6
d4 34. exd4 exd4 35. f3 Nd5 36. Rd8 Nc7 37. Bc4 Re1+ 38. Kf2 Ra1 39. Rxd4 Nxa6
40. Rd7 1-0

[Event "Sachsen-Hamburg"]
[Site "?"]
[Date "2005.04.14"]
[Round "1.7"]
[White "Dobrusina, Anna"]
[Black "Köditz, Katja"]
[Result "0-1"]
[WhiteElo "1348"]
[BlackElo "1770"]
[PlyCount "74"]
[EventDate "1905.??.??"]

1. e4 Nf6 2. Nc3 d5 3. e5 Nfd7 4. d4 Nb6 5. Be3 Nc6 6. Qd2 Bf5 7. a3 e6 8. f4
Na5 9. O-O-O Nac4 10. Bxc4 Nxc4 11. Qf2 c6 12. Nb1 Qb6 13. c3 Qb3 14. Rd2 Nxd2
15. Qxd2 Qa2 16. Kd1 Qxb1+ 17. Ke2 Bg4+ 18. Kf2 Be7 19. g3 Qe4 20. h3 Qxh1 21.
hxg4 Qh2+ 22. Kf3 Qxd2 23. Bxd2 h5 24. gxh5 Rxh5 25. g4 Rh2 26. Ne2 Kd7 27. Be1
Rah8 28. Ng1 Rxb2 29. f5 exf5 30. gxf5 Bxa3 31. Kf4 Rh1 32. Nf3 Re2 33. Bg3
Re4+ 34. Kg5 Bc1+ 35. Bf4 Bxf4+ 36. Kg4 Bxe5+ 37. Kg5 Bf6# 0-1

[Event "Sachsen-Hamburg"]
[Site "?"]
[Date "2005.04.14"]
[Round "1.8"]
[White "Beltz, Carmen"]
[Black "Herbold, Nora Elise Marina"]
[Result "1-0"]
[WhiteElo "1915"]
[BlackElo "1541"]
[PlyCount "91"]
[EventDate "1905.??.??"]

1. e4 c6 2. d4 d5 3. exd5 cxd5 4. c4 Nf6 5. Nc3 Bf5 6. Nf3 e6 7. Be2 Nc6 8. O-O
Be7 9. Re1 O-O 10. Bf4 Bd6 11. Bg5 Be7 12. Rc1 h6 13. Bh4 Rc8 14. cxd5 Nxd5 15.
Bxe7 Ncxe7 16. Ne5 Ng6 17. Bf3 Nge7 18. Qd2 f6 19. Nd3 Nxc3 20. bxc3 Nc6 21.
Nc5 e5 22. Nxb7 Qc7 23. Nc5 Rcd8 24. Nb3 exd4 25. cxd4 Rd6 26. d5 Bd7 27. Qf4
Rc8 28. dxc6 Rxc6 29. Qxc7 R6xc7 30. Rxc7 Rxc7 31. Rc1 Rxc1+ 32. Nxc1 Bb5 33.
Be2 Bc6 34. Nb3 Kf7 35. Kf1 Ke7 36. Nd4 Be4 37. f3 Bd5 38. a3 g5 39. Nf5+ Ke6
40. Nxh6 a5 41. Kf2 Kd6 42. Ng4 Ke6 43. Ne3 Bb7 44. Nc4 a4 45. Nb2 Bc6 46. Bd1
1-0

[Event "Hessen-Baden"]
[Site "?"]
[Date "2005.04.14"]
[Round "1.1"]
[White "Nill, Jessica"]
[Black "Petri, Birgit"]
[Result "1-0"]
[WhiteElo "2247"]
[BlackElo "2090"]
[PlyCount "93"]
[EventDate "1905.??.??"]

1. d4 d5 2. c4 e6 3. Nf3 c6 4. e3 Nf6 5. Bd3 Nbd7 6. O-O Bd6 7. Nc3 O-O 8. e4
dxc4 9. Bxc4 e5 10. Bg5 exd4 11. Qxd4 Bc5 12. Qd3 h6 13. Bh4 Qe7 14. a3 Ne5 15.
Nxe5 Qxe5 16. Bg3 Qd4 17. Rfd1 Qxd3 18. Rxd3 Bg4 19. h3 Bh5 20. e5 b5 21. exf6
bxc4 22. Rd7 Rfd8 23. Rc7 Rac8 24. Rxc8 Rxc8 25. fxg7 Bd4 26. Re1 Bg6 27. Re7
Kxg7 28. Rd7 Bb6 29. Be5+ Kg8 30. Na4 Bc2 31. Nxb6 axb6 32. g4 Be4 33. f4 Bd5
34. Kf2 Re8 35. Rd6 Kh7 36. Rf6 Rg8 37. f5 h5 38. Kg3 hxg4 39. hxg4 Re8 40. Kf4
b5 41. g5 Kg8 42. Rh6 f6 43. Rxf6 Ra8 44. Rh6 Ra4 45. Rh8+ Kf7 46. g6+ Ke7 47.
Bc3 1-0

[Event "Hessen-Baden"]
[Site "?"]
[Date "2005.04.14"]
[Round "1.2"]
[White "Zahn, Nicol"]
[Black "Onischuk, Anna"]
[Result "0-1"]
[WhiteElo "1998"]
[BlackElo "2237"]
[PlyCount "64"]
[EventDate "1905.??.??"]

1. e4 c5 2. Nf3 e6 3. d3 d5 4. Nbd2 Nc6 5. g3 Bd6 6. Bg2 Nge7 7. O-O O-O 8. Re1
b6 9. c3 Bc7 10. Nf1 Ba6 11. exd5 Nxd5 12. d4 cxd4 13. Nxd4 Nxd4 14. Qxd4 Rb8
15. c4 Ne7 16. Qg4 Ng6 17. Bg5 Qd3 18. b3 Ne5 19. Be4 Qxf1+ 20. Kxf1 Nxg4 21.
h3 Nf6 22. Bc2 Rfd8 23. h4 h6 24. Be3 Bd6 25. Re2 Rbc8 26. a4 Bb4 27. Rc1 Rd7
28. Rb1 Rcd8 29. Bc1 Bb7 30. Bb2 Rd2 31. Rxd2 Rxd2 32. Bd1 Be4 0-1

[Event "Hessen-Baden"]
[Site "?"]
[Date "2005.04.14"]
[Round "1.3"]
[White "Mira, Helene"]
[Black "Pralle, Katharina"]
[Result "1-0"]
[WhiteElo "2188"]
[BlackElo "1823"]
[PlyCount "103"]
[EventDate "1905.??.??"]

1. Nf3 d5 2. c4 e6 3. g3 Nf6 4. Bg2 Be7 5. O-O O-O 6. b3 b6 7. Bb2 Bb7 8. cxd5
Bxd5 9. Nc3 Bb7 10. Qc2 Nbd7 11. e4 c5 12. e5 Nd5 13. a3 h6 14. Rfe1 Qc7 15.
Ne4 Rac8 16. Rac1 Ba6 17. Qb1 Qb8 18. Nc3 Nxc3 19. dxc3 c4 20. b4 Bb7 21. Rcd1
Rfd8 22. Bc1 Bxf3 23. Bxf3 Nxe5 24. Qe4 Nxf3+ 25. Qxf3 b5 26. Be3 Bf8 27. Bd4
a6 28. Re5 Qa8 29. Qg4 Rd5 30. Rxd5 exd5 31. Be3 Re8 32. Qf5 Rd8 33. Bd4 Qc8
34. Qf3 Qe6 35. Be3 Be7 36. Bd4 Kf8 37. h4 Qe4 38. Qh5 Rd6 39. Kh2 Re6 40. Be3
Bf6 41. Rxd5 Bxc3 42. Rd7 g6 43. Qxh6+ Ke8 44. Rc7 Rc6 45. Rb7 Rc8 46. Ra7 Ra8
47. Bc5 Rxa7 48. Qf8+ Kd7 49. Qxf7+ Kc6 50. Qxa7 Qc2 51. Qb6+ Kd7 52. Qb7+ 1-0

[Event "Hessen-Baden"]
[Site "?"]
[Date "2005.04.14"]
[Round "1.4"]
[White "Fischer, Helena"]
[Black "Lauterbach, Ingrid"]
[Result "0-1"]
[WhiteElo "1795"]
[BlackElo "2182"]
[PlyCount "70"]
[EventDate "1905.??.??"]

1. e4 d6 2. d4 Nf6 3. Nc3 g6 4. Be2 Bg7 5. Be3 O-O 6. h4 h5 7. f3 c6 8. Qd2 b5
9. a3 Qc7 10. Bh6 e5 11. Bxg7 Kxg7 12. O-O-O a5 13. Nh3 b4 14. Nb1 Qb6 15. Nf2
Be6 16. g4 Nbd7 17. Rhg1 Rfb8 18. a4 Rh8 19. Qg5 exd4 20. gxh5 Rxh5 21. Qg3 Nc5
22. Qxd6 Rd8 23. Qg3 Nxa4 24. f4 b3 25. c4 Rc5 26. Nd2 Qb8 27. Nd3 Bxc4 28.
Nxc5 Bxe2 29. Ne6+ Kh7 30. Nxd8 Qxd8 31. Rde1 d3 32. f5 Bh5 33. fxg6+ fxg6 34.
Re3 Qd4 35. Rxd3 Qxb2# 0-1

[Event "Hessen-Baden"]
[Site "?"]
[Date "2005.04.14"]
[Round "1.5"]
[White "Mader, Manuela"]
[Black "Korentsvit, Eugenia"]
[Result "1-0"]
[WhiteElo "2002"]
[BlackElo "1818"]
[PlyCount "73"]
[EventDate "1905.??.??"]

1. e4 c5 2. c3 e6 3. d4 cxd4 4. cxd4 Nf6 5. Nc3 d6 6. Nf3 Be7 7. Bd3 Nc6 8. a3
a6 9. O-O Qc7 10. h3 b5 11. Be3 Bb7 12. Rc1 Qd7 13. Qe2 O-O 14. b4 Rac8 15.
Rfd1 Ba8 16. Qb2 Qb7 17. Bb1 Rfd8 18. d5 exd5 19. Nxd5 Nb8 20. Rxc8 Rxc8 21.
Nb6 Rd8 22. Nxa8 Qxa8 23. e5 Ne8 24. Qc2 g6 25. Bb6 Rd7 26. Ba2 Qb7 27. e6 fxe6
28. Bxe6+ Kf8 29. Bxd7 Nxd7 30. Be3 Ndf6 31. Bh6+ Ng7 32. Ng5 Kg8 33. Re1 Qd7
34. Qe2 Bd8 35. Qf3 Qf5 36. Qb7 Qd5 37. Qxg7# 1-0